| 000 | 00835nam a22003017a 4500 | ||
|---|---|---|---|
| 001 | BR9300985 | ||
| 003 | BR-BrBNA | ||
| 005 | 20230928093851.0 | ||
| 007 | ta | ||
| 008 | 230509b bl.||||| |||| 00| 0 por d | ||
| 040 |
_aBR-BrBNA _bpor _cBiblioteca Nacional de Agricultura |
||
| 041 | _a(Por) | ||
| 072 | _aE70; E11 | ||
| 090 | _ E70 BR9300985 | ||
| 100 | 1 | _aNobrega, M.F. da | |
| 100 | 1 | _aGoncalez, C.A. | |
| 100 | 1 | _aMartone, C.L. | |
| 245 | 1 | _aDesenvolvimento do mercado de futuros de commodities agricolas e a tributacao de ICMS | |
| 260 | 3 |
_aSao Paulo, SP (Brasil): _bMCM Consultores, _c[nd]. |
|
| 300 | _a52 p. | ||
| 500 | _a26 tables; 8 graphys | ||
| 650 | _aMercado | ||
| 650 | _aMercado Nacional | ||
| 650 | _aMercado Produtor | ||
| 650 | _aImposto | ||
| 909 |
_a202309 _bLucia _c55 _dLucia Elande |
||
| 942 | _cBK | ||
| 999 |
_c47589 _d47589 |
||